Grabados clasicos de historia natural mariposas (Registro nro. 2442)

Detalles MARC
000 -CABECERA
Campo de control 00586nam a2200217 a 4500
005 - FECHA Y HORA DE LA ULTIMA TRANSACCION
Campo de control 20161128104335.0
008 - ELEMENTOS DE LONGITUD FIJA—INFORMACION GENERAL
Campo de control 140305b1991 sp ||||| |||| 00| 0 spa d
041 ## - IDIOMA
Código de idioma para texto/pista de sonido o título separado Español
044 ## - PAÍS DE PUBLICACIÓN
País de publicación España
090 ## - CLASIFICACIÓN LOCAL
Colección LB
Consecutivo 02257
100 ## - ASIENTO PRINCIPAL--NOMBRE PERSONAL
Nombre personal Dance S., S. Peter
245 ## - MENCION DE TITULO
Título Grabados clasicos de historia natural mariposas
260 ## - PUBLICACION, DISTRIBUCION, ETC. (PIE DE IMPRENTA)
Lugar de publicación, distribución, etc. Madrid
Nombre del editor, distribuidor, etc. Editorial Libsa
Fecha de publicación, distribución, etc. 1991
300 ## - DESCRIPCION FISICA
Extensión 127 p.
650 ## - ASIENTO SECUNDARIO DE MATERIA - TERMINO TEMATICO
Término temático o nombre geográfico como elemento de entrada Insectos
650 ## - ASIENTO SECUNDARIO DE MATERIA - TERMINO TEMATICO
Término temático o nombre geográfico como elemento de entrada Lepidópteros
650 ## - ASIENTO SECUNDARIO DE MATERIA - TERMINO TEMATICO
Término temático o nombre geográfico como elemento de entrada Mariposas
650 ## - ASIENTO SECUNDARIO DE MATERIA - TERMINO TEMATICO
Término temático o nombre geográfico como elemento de entrada Ilustración
700 ## - ASIENTO SECUNDARIO - NOMBRE PERSONAL
Nombre personal Hancock, E. Geoffrey
942 ## - ELEMENTOS ADICIONALES (KOHA)
Tipo de ítem Impreso
Koha issues (borrowed), all copies 1
Sistema de clasificación Local
Existencias
Withdrawn status Lost status Sistema de Clasificación Damaged status No para préstamo Colección Inventariado Ubicación Permanente Ubicación actual Fecha de adquisición Fuente de Valor Valor Total Checkouts Número topográfico Inventario / Código de Barras Date last seen Date checked out Ejemplar Price effective from Forma de adquisición Tipo de material
    Local     Entomología Inventariado 2017 Villa de Leyva Villa de Leyva 09/08/2001 Instituto 50000.00 1 LB-02257 003634 18/10/2013 04/10/2013 Ej. 1 04/12/2012   Libro